Právne a ekonomické problémy modernizácie a rekonštrukcie stavieb záverečná práca postgraduálneho štúdia

Gespeichert in:
Bibliographische Detailangaben
1. Verfasser: Borza, Karol
Körperschaft: Vysoká škola ekonomická v Bratislave
Weitere Verfasser: Szabo, Michal
Format: Buch
Sprache:Slowakisch
Veröffentlicht: Bratislava 1989
Tags: Tag hinzufügen
Keine Tags, Fügen Sie das erste Tag hinzu!

MARC

LEADER 00000nam a2200000 4500
001 c037874
005 20221215071222.2
041 0 |a slo 
044 |a SK 
245 1 0 |a Právne a ekonomické problémy modernizácie a rekonštrukcie stavieb  |b záverečná práca postgraduálneho štúdia  |c Karol Borza ; ved. práce M. Szabo 
264 1 |a Bratislava  |c 1989 
300 |a 45 s. 
100 1 |a Borza, Karol 
700 1 |a Szabo, Michal 
710 2 |a Vysoká škola ekonomická v Bratislave